00848nam a2200181 a 45000010005000000030005000050050017000100080041000270200015000680400020000832450075001032600041001783000011002194900047002305000333002776500024006107000032006345123CDMR20131107135142.0130130s1977||||||||||||||||||||||||||||d a8470750593 aCDMRbcatcCDMR 0aLenguaje en periodismo escritocFernando Lázaro Carreter... [et al.] aMadridc1977bFundación Juan March a165 p. aUniversitaria (Fundación Juan March)v37 aTreballs del seminari Lenguaje en el Periodismo Escrito, organitzat per la Fundación Juan March i celebrat durant els dies 30 i 31 de maig de 1977 Autors dels treballs: Fernando Lázaro Carreter, Luis Michelena Elissalt, Robert Escarpit, Eugenio de Bustos, Víctor de la Serna, Emilio Alarcos Llorach, Juan Luis Cebrián. 04aPremsa i llenguatge1 aLázaro Carreter, Fernando